|
|
|
|
| LEADER |
00000nam a2200000 a 4500 |
| 001 |
vtls010479869 |
| 003 |
SK-MaSNL |
| 005 |
20260301033608.0 |
| 008 |
240315s2012 xo 000 0 slo |
| 015 |
|
|
|a SNBA2013
|
| 015 |
|
|
|a SNBSAB2012
|
| 020 |
|
|
|a 9788022737579
|q (brož.)
|
| 035 |
|
|
|a 2DF934CD-EF86-4E10-84A3-49AF1B1B3172
|
| 035 |
|
|
|a urn:nbn:sk:snk-amjmeg
|
| 035 |
|
|
|a urn:nbn:sk:snk-am001nyk
|
| 040 |
|
|
|a SNK
|b slo
|c SNK
|e AACR2
|
| 041 |
0 |
|
|a slo
|b eng
|b slo
|
| 044 |
|
|
|a xo
|c SK
|
| 072 |
|
7 |
|a 620.9
|x Energetika
|2 konspekt
|
| 072 |
|
7 |
|a 697
|x Vykurovanie, vetranie, klimatizácia
|2 konspekt
|
| 080 |
|
|
|a 62-7
|2 2001
|
| 080 |
|
|
|a 620.9
|2 2001
|
| 080 |
|
|
|a (043.3)
|2 2001
|
| 080 |
|
|
|a 016
|2 2001
|
| 100 |
1 |
|
|a Mlynár, Peter,
|d 1981-
|4 aut
|9 255199
|
| 245 |
1 |
0 |
|a Optimalizácia vnútorných výmenníkov absorpčného chladiaceho zariadenia
|b autoreferát dizertačnej práce na získanie titulu philosophiae doctor, PhD. v odbore doktorandského štúdia: 5.2.29 energetika
|c Peter Mlynár
|
| 250 |
|
|
|a 1.vyd.
|
| 260 |
|
|
|a Bratislava
|b Slovenská technická univerzita, Strojnícka fakulta
|c 2012
|
| 300 |
|
|
|a 27 s.
|b grafy, obr.
|c 21 cm
|
| 366 |
|
|
|e 50 výtl.
|
| 490 |
1 |
|
|a Edícia kvalifikačných prác
|
| 504 |
|
|
|a Bibliogr. Bibliogr. autora s.25-26. Usporiadanie temat. 5 zázn.
|
| 546 |
|
|
|a Res. angl., slov.
|
| 650 |
0 |
7 |
|a chladiace zariadenia
|2 SNKPH
|9 3524
|
| 650 |
0 |
7 |
|a absorpčné chladenie
|2 SNKPH
|9 332982
|
| 650 |
0 |
7 |
|a nízkopotenciálne teplo
|2 SNKPH
|9 332983
|
| 650 |
0 |
7 |
|a Cooling devices
|2 SNKPHeng
|9 332984
|
| 650 |
0 |
7 |
|a Absorption cooling
|2 SNKPHeng
|9 332985
|
| 655 |
|
7 |
|a dizertácie
|2 SNKPH
|9 70277
|
| 655 |
|
7 |
|a autoreferáty
|2 SNKPH
|9 70546
|
| 655 |
|
7 |
|a Dissertations
|2 SNKPHeng
|9 303036
|
| 655 |
|
7 |
|a Autoabstracts
|2 SNKPHeng
|9 238326
|
| 655 |
|
7 |
|a bibliografie
|2 SNKPH
|9 28668
|
| 655 |
|
7 |
|a Bibliographies
|2 SNKPheng
|9 266698
|
| 810 |
2 |
|
|a Slovenská technická univerzita v Bratislave.
|b Strojnícka fakulta
|t Edícia kvalifikačných prác
|9 184599
|
| 830 |
|
0 |
|a Edícia kvalifikačných prác
|9 320134
|
| 919 |
|
|
|a 978-80-227-3757-9
|
| 958 |
|
|
|a NB
|
| 958 |
|
|
|a SF
|
| 999 |
|
|
|c 580340
|d 582270
|
| 952 |
|
|
|a SNK
|b SNK
|y PREZ
|7 0
|p 17A1059663
|o snkSC 152432
|i snk2012/26053
|8 0
|0 0
|1 0
|4 0
|d 2012-12-19
|l 0
|r 2025-07-23 00:00:00
|w 2026-02-23
|
| 952 |
|
|
|a SNK
|b SNK
|y VYP
|7 0
|p 17A1059662
|o snkSC 152432 D1
|i snk2012/26054
|8 0
|0 0
|1 0
|4 0
|d 2012-12-19
|f 1
|l 0
|r 2026-02-23 14:48:31
|w 2026-02-23
|